[Event "189th open MGU"]
[Site "Sofia"]
[Date "2017.09.09"]
[Round "1.1"]
[White "Canadell Ruiz, Samuel Sandal"]
[Black "Hristov, Hristo M."]
[Result "0-1"]
[WhiteElo "1794"]
[BlackElo "2138"]
[PlyCount "64"]
[EventDate "2017.09.09"]
[EventType "swiss"]
[EventRounds "6"]
[EventCountry "BUL"]

1. d4 e6 2. e4 d5 3. Be3 dxe4 4. f3 Nf6 5. Nd2 exf3 6. Ngxf3 Be7 7. Bd3 Nd5 ({
RR} 7... Nbd7 8. Qe2 O-O 9. O-O c5 10. c3 cxd4 11. cxd4 Nb6 12. Ne5 Nbd5 13.
Rad1 Bd7 14. Ne4 a6 15. Nxf6+ Bxf6 16. Bc1 Qe8 17. Bb1 Bb5 18. Qe4 g6 19. Rf3
Bg7 20. Rh3 Qe7 21. Nf3 Bc6 22. Qe1 {
Eckhardt,W (2186)-Seifert,V (2136)/Bayern 1999/EXT 2001/1-0 (38)}) ({RR} 7...
Nc6 8. a3 b6 9. Qe2 Bb7 10. O-O-O Qd5 11. Kb1 O-O-O 12. Rhe1 Ng4 13. Bg1 Rhe8
14. Nc4 Bf6 15. h3 Nh6 16. Be4 Qh5 17. Nce5 Bxe5 18. dxe5 f5 19. exf6 gxf6 20.
Qc4 Rxd1+ 21. Rxd1 Na5 22. Bxb7+ {
Salles,M (2075)-Da Silva,C (1852)/Maravilhosa 2016/CBM 170 Extra/1-0 (63)}) 8.
Qe2 Nc6 9. c3 a6 $146 ({RR} 9... Bd7 10. O-O Nxe3 11. Qxe3 Bf6 12. Ne4 Qe7 13.
Qf4 O-O-O 14. Rad1 h6 15. Nxf6 Qxf6 16. Qd2 Rdf8 17. b4 g5 18. b5 g4 19. bxc6
gxf3 20. Rxf3 Qe7 21. cxd7+ Qxd7 22. Qe2 Qc6 23. Be4 Qb6 24. Rb1 {
Pareux,M (1570)-Rogues,J (1470)/Loire 2006/EXT 2008/1-0}) ({RR} 9... f5 10.
O-O-O Bf6 11. h4 Qe7 12. Nb3 Bd7 13. Nc5 O-O-O 14. Ba6 Kb8 15. Bxb7 Nb6 16. a4
Nxa4 17. Qb5 {1-0 Stephan,U-Meuer,H/Eppingen 1988/GER}) 10. O-O O-O 11. Nc4
Nxe3 12. Qxe3 Bf6 13. Qe4 g6 14. Ne3 Bg7 15. g4 Rb8 16. h4 Bd7 17. h5 Ne7 18.
Ng5 Bc6 19. Qf4 Nd5 20. Nxd5 Qxd5 21. Be4 Qd6 22. Qf3 Qe7 23. Nh3 Bxe4 24. Qxe4
Qh4 25. Rf3 Rbe8 26. Nf2 f5 27. Qe2 fxg4 28. Rxf8+ Rxf8 29. hxg6 Qg3+ 30. Kf1
h5 31. Rd1 Rf6 32. Rd3 Rxf2+ 0-1

[Event "189th open MGU"]
[Site "Sofia"]
[Date "2017.09.09"]
[Round "1.2"]
[White "Vaklinov, Vasil"]
[Black "Babatov, Martin"]
[Result "1-0"]
[WhiteElo "2099"]
[BlackElo "1737"]
[PlyCount "85"]
[EventDate "2017.09.09"]
[EventType "swiss"]
[EventRounds "6"]
[EventCountry "BUL"]

1. e4 c6 2. Nc3 d5 3. Nf3 dxe4 4. Nxe4 Bg4 5. Bc4 e6 6. h3 Bxf3 7. Qxf3 Nf6 8.
Nxf6+ Qxf6 9. Qxf6 gxf6 10. d4 ({RR} 10. O-O Bg7 11. f4 f5 12. a4 Nd7 13. a5 a6
14. Rb1 Nf6 15. c3 h5 16. d3 O-O-O 17. Bd2 Nd5 18. Bb3 Bf8 19. Rf3 h4 20. Bd1
Bd6 21. Be2 Rhg8 22. b4 Rg6 23. c4 Nc7 24. Be1 Be7 {
Yanofsky,D (2460)-Reilly,B/Amsterdam 1954/EXT 2001/1/2 (42)}) 10... Rg8 $146 ({
RR} 10... Nd7 11. Be3 Nb6 12. Bb3 ({RR} 12. Be2 h5 13. h4 Nd5 14. Bd2 Bh6 15.
Bxh6 Rxh6 16. O-O-O f5 17. Bf3 Ke7 18. g3 Rd8 19. Rhe1 Nf6 20. Re3 Ng4 21. Re2
Kf6 22. Rd3 Rhh8 23. Bxg4 fxg4 24. f4 gxf3 25. Rxf3+ Ke7 26. Ref2 f5 {
Yumashev,V (1813)-Gorelov,V/Tambov 2013/EXT 2014/1-0 (56)}) 12... Nd5 13. c4
Nxe3 14. fxe3 Bb4+ 15. Ke2 Ke7 16. a3 Bd6 17. g4 Rag8 18. Bc2 h5 19. Kf3 hxg4+
20. hxg4 Kf8 21. Be4 Kg7 22. a4 Bc7 23. b3 Rxh1 24. Rxh1 Rh8 25. Rxh8 {
Gurrea Martinez,J (1880)-Lorente Ibanez,L (1944)/Alfaro 2001/EXT 2003/1/2 (54)}
) ({RR} 10... Bd6 11. Bd2 Nd7 12. O-O-O O-O-O 13. a3 c5 14. Be3 f5 15. g4 f4
16. dxc5 Nxc5 17. Rxd6 Rxd6 18. Bxc5 Rc6 19. b4 a6 20. Bb3 h5 21. Bd4 Rd8 22.
Bf6 Rd3 23. gxh5 {
1-0 Hasanagic,A (1860)-Holzbauer,J (2123)/Feffernitz 2005/CBM 108 Extra}) 11.
O-O Bd6 12. f4 f5 13. Be3 Nd7 14. Bb3 O-O-O 15. Rad1 Nf6 16. Rf3 Rg6 17. Kh2
Rdg8 18. g3 Ne4 19. Rg1 h5 20. h4 Nf6 21. Bf2 Ng4+ 22. Kh3 Nxf2+ 23. Rxf2 c5
24. c3 cxd4 25. cxd4 Rg4 26. Kh2 R4g7 27. Bd1 Rh7 28. Bf3 Kb8 29. Rc2 Rhg7 30.
Rgg2 Rh7 31. a3 f6 32. Rce2 Re8 33. Rg1 e5 34. dxe5 fxe5 35. Rd1 Bc7 36. Rd5 e4
37. Rxf5 Rhe7 38. Rxe4 Rxe4 39. Bxe4 Rxe4 40. Rf8+ Bd8 41. Rxd8+ Kc7 42. Rd2
Kc6 43. Kg2 1-0

[Event "189th open MGU"]
[Site "Sofia"]
[Date "2017.09.09"]
[Round "1.4"]
[White "Petrov, Vladimir Ol."]
[Black "Tsyntsarski, Boyko"]
[Result "1-0"]
[WhiteElo "2028"]
[BlackElo "1672"]
[PlyCount "123"]
[EventDate "2017.09.09"]
[EventType "swiss"]
[EventRounds "6"]
[EventCountry "BUL"]

1. e4 d5 2. exd5 Nf6 3. d4 Nxd5 4. c4 Nf6 5. Nc3 Bg4 6. Qb3 ({RR} 6. Be2 Bxe2
7. Ngxe2 e6 ({RR} 7... g6 8. Qb3 Qc8 9. Bf4 Bg7 10. Nd5 Nxd5 11. cxd5 O-O 12.
Rc1 c6 13. dxc6 bxc6 14. O-O Nd7 15. Qa4 Nb6 16. Qxc6 Qa6 17. Nc3 Bxd4 18. Nd5
Qxa2 19. Nxe7+ Kh8 20. Bh6 Bg7 21. Bxg7+ Kxg7 22. Qc3+ {
Sulskis,S (2546)-Bieliauskas,M (2169)/Vilnius 2016/CBM 172 Extra/1-0 (51)}) 8.
O-O Be7 9. Bf4 O-O 10. Qb3 Qc8 11. d5 Na6 12. Rad1 exd5 13. cxd5 Bd6 14. Rd4
Re8 15. Ng3 Bc5 16. Rd3 c6 17. Rf3 Nb4 18. dxc6 Nxc6 19. Nb5 a6 20. Bd6 axb5 {
Kurajica,B (2515)-Bronstein,D (2555)/Vrsac 1979/EXT 2002/1/2}) 6... Nc6 7. d5
$146 ({RR} 7. Qxb7 Nxd4 8. Bd3 Rb8 9. Qxa7 Ra8 10. Qb7 Ra5 11. Be3 Bc8 12. Qb8
Nd7 13. Qb4 c5 {0-1 Oette,H-Heilemann,M/Hamburg 1951/EXT 2007}) 7... Nd4 8.
Qa4+ Qd7 9. Qxd7+ Kxd7 10. Bd3 Bf5 11. Bxf5+ Nxf5 12. Nf3 Nd6 13. Ne5+ Ke8 14.
f3 Nd7 15. Nxd7 Kxd7 16. b3 Re8 17. Ne4 Nxe4 18. fxe4 e6 19. O-O Bc5+ 20. Kh1
exd5 21. Rxf7+ Be7 22. exd5 Ref8 23. Rxf8 Rxf8 24. Be3 Bf6 25. Re1 Bc3 26. Rc1
Bb2 27. Rb1 Bc3 28. Kg1 Re8 29. Kf2 Rf8+ 30. Ke2 Be5 31. h3 Re8 32. Rf1 Bd4 33.
Rf3 Kd6 34. Kd3 Bf6 35. Bf4+ Kd7 36. Re3 Rf8 37. g4 Bd8 38. Be5 Bf6 39. Rf3 Be7
40. Rxf8 Bxf8 41. Ke4 g6 42. h4 c6 43. h5 cxd5+ 44. Kxd5 a6 45. a4 Be7 46. c5
Bg5 47. b4 Bd2 48. b5 axb5 49. axb5 Ba5 50. Bd6 Bd2 51. c6+ bxc6+ 52. bxc6+ Kc8
53. Ke6 gxh5 54. gxh5 h6 55. Kf6 Bg5+ 56. Kf5 Bd2 57. Bf4 Bxf4 58. Kxf4 Kc7 59.
Kf5 Kxc6 60. Kg6 Kd7 61. Kxh6 Ke8 62. Kg7 1-0

[Event "189th open MGU"]
[Site "Sofia"]
[Date "2017.09.09"]
[Round "1.5"]
[White "Georgiev, Nikolay Zh."]
[Black "Krustev, Krasimir S."]
[Result "0-1"]
[WhiteElo "1572"]
[BlackElo "1970"]
[PlyCount "72"]
[EventDate "2017.09.09"]
[EventType "swiss"]
[EventRounds "6"]
[EventCountry "BUL"]

1. e4 e5 2. Nc3 Nf6 3. Bc4 Nxe4 4. Qh5 Nd6 5. Bb3 Nc6 6. Nf3 (6. Nb5 $142 g6 7.
Qf3 f5 ({RR} 7... f6 8. Qd5 Qe7 9. Nxc7+ Kd8 10. Nxa8 b6 11. Nxb6 axb6 12. Qd3
Bb7 13. Ne2 Nb4 14. Qc3 Nd5 15. Bxd5 Bxd5 16. O-O Ne4 17. Qe3 Qe6 18. d3 Bc5
19. d4 exd4 20. Nxd4 Qe5 21. c3 Re8 22. Qh3 {
Grimberg,B (2365)-Ginsburg,G (2516)/Nuremberg 2012/CBM 150 Extra/1-0 (35)}) ({
RR} 7... Nf5 8. g4 d6 9. gxf5 Bxf5 10. Ne2 Qe7 11. Ng3 Be6 12. Bxe6 fxe6 13.
Ne4 O-O-O 14. d3 d5 15. Ng5 Bg7 16. Qf7 Rde8 17. Qxe7 Rxe7 18. c3 h6 19. Nh3 g5
20. f3 Rf7 21. Rf1 Rhf8 22. Ng1 {
Galko,T (1901)-Barnoth,R (1704)/Hungary 2013/EXT 2014/1/2 (52)}) 8. Qd5 Qe7 9.
Nxc7+ $16) 6... g6 7. Qg4 Bg7 8. O-O $146 ({RR} 8. d3 Na5 9. Bd2 Nxb3 10. axb3
Nf5 11. O-O-O d6 12. Qe4 c6 13. g4 Nh4 14. Bg5 Bf6 15. Bxh4 Bxh4 16. d4 Bg5+
17. Kb1 f5 18. gxf5 gxf5 19. Qe2 e4 20. h4 Be7 21. Ng5 Bxg5 22. Qh5+ Kd7 {
Popa,C (2101)-Chiodini,P/Estensi 2001/CBM 082 Extra/1/2 (35)}) 8... O-O 9. d3
Nd4 10. Bg5 Nxf3+ 11. gxf3 Bf6 12. Bh6 Re8 13. Nd5 c6 14. Nxf6+ Qxf6 15. Rfe1
Nf5 16. Bg5 Qg7 17. d4 d5 18. dxe5 Rxe5 19. Bd2 Be6 20. Bc3 d4 21. Bxe6 Rxe6
22. Rxe6 fxe6 23. Bd2 e5 24. Re1 Re8 25. c3 c5 26. Qe4 Qf7 27. b3 Nd6 28. Qg4
Qf5 29. cxd4 Qxg4+ 30. fxg4 exd4 31. Rxe8+ Nxe8 32. Bf4 Nf6 33. f3 Kf7 34. Kf2
Ke6 35. Ke2 Kd5 36. Kd3 b5 0-1

[Event "189th open MGU"]
[Site "Sofia"]
[Date "2017.09.09"]
[Round "1.6"]
[White "Metev, Martin"]
[Black "Mladenov, Andrey"]
[Result "0-1"]
[WhiteElo "1965"]
[BlackElo "1558"]
[PlyCount "72"]
[EventDate "2017.09.09"]
[EventType "swiss"]
[EventRounds "6"]
[EventCountry "BUL"]

1. e4 c5 2. Nf3 Nc6 3. c4 d6 4. g3 g6 5. Bg2 Bg7 6. O-O Nf6 7. d3 O-O 8. Nc3 e6
({RR} 8... e5 9. h3 h6 10. Be3 Be6 {
1/2 Campora,D (2542)-Giaccio,A (2517)/Pinamar 2002/CBM 088}) 9. a3 $146 ({RR} 
9. d4 cxd4 10. Nxd4 e5 11. Nc2 Be6 12. b3 a6 13. Bg5 Qd7 14. Bxf6 Bxf6 15. Ne3
Bg7 16. Ned5 Bxd5 17. Nxd5 Qd8 18. Qd2 Nd4 19. Rac1 Rb8 20. Nc3 Qd7 21. Ne2
Nxe2+ 22. Qxe2 Rfd8 23. Rfd1 Qe6 {
Todaro,A (1748)-Bruno,A/Nicolosi 2014/CBM 163 Extra/1-0 (58)}) ({RR} 9. Bg5 Rb8
10. Qd2 Qc7 11. Bf4 a6 12. a4 Na5 13. Ra3 Re8 14. e5 Nh5 15. exd6 Qb6 16. d7
Bxd7 17. Bxb8 Rxb8 18. Re1 Nb3 19. Qe2 Bc6 20. Ne4 Nf6 21. Neg5 h6 22. Ne4 Nxe4
23. dxe4 Nd4 {
Mendes,R (1892)-Theodoro,M (1731)/Sao Paulo 2014/CBM 158 Extra/0-1 (52)}) ({RR
} 9. Nh4 Nd7 10. f4 f5 11. Nf3 Nd4 12. Ne2 Nxf3+ 13. Bxf3 Qb6 14. Rb1 a5 15.
Bd2 a4 16. Bc3 e5 17. exf5 Rxf5 18. Qe1 Bh6 19. g4 Rf7 20. g5 Bg7 21. Bd5 Nf8
22. Bxf7+ Kxf7 23. Qg3 Bf5 {
Bolte,C (2047)-Groenwald,S/Bad Zwesten 2006/CBM 110 Extra/1-0 (35)}) 9... d5
10. Qc2 d4 11. Ne2 a5 12. Rb1 a4 13. h3 Qb6 14. Nh2 e5 15. f4 Nd7 16. f5 Re8
17. g4 Nf8 18. Ng3 Na5 19. Bd2 Bd7 20. g5 Qb3 21. Qc1 Qxd3 22. Bxa5 Qxg3 23.
Rf3 Qh4 24. Be1 Qxe4 25. fxg6 Qxg6 26. b4 axb3 27. Rfxb3 e4 28. Rxb7 Bc6 29.
R7b6 Nd7 30. R6b3 Ne5 31. Bg3 Ra4 32. Rb8 Qe6 33. Rxe8+ Qxe8 34. Ng4 Ra8 35.
Nf6+ Bxf6 36. gxf6 e3 0-1

[Event "189th open MGU"]
[Site "Sofia"]
[Date "2017.09.09"]
[Round "1.8"]
[White "Kolev, Nikola Vl."]
[Black "Sapareva, Magdalena"]
[Result "1-0"]
[WhiteElo "1909"]
[BlackElo "1503"]
[PlyCount "61"]
[EventDate "2017.09.09"]
[EventType "swiss"]
[EventRounds "6"]
[EventCountry "BUL"]

1. f4 f5 2. Nc3 Nf6 3. Nf3 d6 $146 ({RR} 3... d5 4. e3 e6 5. b3 b6 6. Bb2 Bb7
7. Bb5+ c6 8. Be2 Nbd7 9. O-O Bd6 10. a4 a6 11. d4 O-O 12. Ng5 Qe7 13. g4 c5
14. Nh3 fxg4 15. Bxg4 Nxg4 16. Qxg4 Rf6 17. Kh1 Raf8 18. Ne2 {
Osorio,C (2192)-Soto,C (2081)/Medellin 2013/CBM 153 Extra/0-1 (50)}) ({RR} 3...
e6 4. e3 b6 5. b3 Bb7 6. Bb2 Be7 7. Be2 O-O 8. O-O d5 9. Qe1 Ne4 10. d3 Nxc3
11. Bxc3 Bf6 12. Bxf6 Rxf6 13. b4 Nd7 14. d4 c5 15. c3 c4 16. a4 a6 17. Ne5
Nxe5 18. fxe5 {
Avetisyan,A-Gavrilenko,V (2018)/Zhukovsky 2010/EXT 2012/1/2 (103)}) 4. e3 Nc6
5. d4 e6 6. Bd3 Bd7 7. e4 fxe4 8. Nxe4 Nxe4 9. Bxe4 d5 10. Bd3 Qf6 11. c3 O-O-O
12. Qc2 h6 13. Rf1 Bd6 14. g3 Ne7 15. Bd2 c5 16. dxc5 Bxc5 17. O-O-O Kb8 18.
Ne5 Be8 19. Ng4 Qf8 20. Rde1 Qg8 21. Kb1 g5 22. Nf6 Qg7 23. Nxe8 Rdxe8 24. Rxe6
gxf4 25. Bxf4+ Ka8 26. Rfe1 Rd8 27. b4 Bxb4 28. cxb4 Rc8 29. Rxe7 Qd4 30. Qd2
a6 31. Be5 1-0

[Event "189th open MGU"]
[Site "Sofia"]
[Date "2017.09.09"]
[Round "1.9"]
[White "Stoyanov, Plamen"]
[Black "Andreev, Dobrotich"]
[Result "0-1"]
[WhiteElo "1470"]
[BlackElo "1881"]
[PlyCount "62"]
[EventDate "2017.09.09"]
[EventType "swiss"]
[EventRounds "6"]
[EventCountry "BUL"]

1. d4 d5 2. Nf3 c6 3. c4 Nf6 4. e3 Bg4 5. h3 Bxf3 6. Qxf3 e6 7. Nc3 Be7 ({RR} 
7... Bb4 8. Bd3 Nbd7 9. O-O O-O 10. Rd1 Qe7 11. Qe2 dxc4 12. Bxc4 e5 13. d5
Bxc3 14. dxc6 Bxb2 15. Bxb2 bxc6 16. Rac1 c5 17. Bb3 a5 18. Qc2 Rfb8 19. Ba1
Rc8 20. Qf5 a4 21. Bc4 Rab8 22. Rd2 {
Ivanchuk,V (2787)-Dreev,A (2607)/Moscow 2007/EXT 2008/1-0 (59)}) 8. Bd3 O-O 9.
O-O Nbd7 10. cxd5 $146 ({RR} 10. Rd1 Qc7 ({RR} 10... Qb6 11. e4 dxe4 12. Nxe4
Rfd8 13. Be3 Qa5 14. Bd2 Qb6 15. Bc3 Nxe4 16. Qxe4 Nf8 17. Rab1 Bf6 18. Qf4 Rd7
19. Qd2 Qd8 20. Qe3 Bg5 21. Qf3 Bf6 22. Be4 Bxd4 23. Bxd4 Rxd4 24. Rxd4 Qxd4
25. Qd3 {Keyser,R (1925)-Riha,P (1743)/Kiel 2016/CBM 173 Extra/0-1 (60)}) ({RR
} 10... a6 11. a4 Re8 12. e4 dxe4 13. Nxe4 Nxe4 14. Qxe4 Nf8 15. Be3 Bf6 16. a5
Qd6 17. Be2 Ng6 18. g3 Rad8 19. Bf3 Re7 20. Qc2 Rc7 21. Qb3 Qe7 22. d5 c5 23.
dxe6 Rxd1+ 24. Rxd1 fxe6 25. Qb6 {
Mrndjic,M (2261)-Mumanovic,A (2020)/Bihac 2014/EXT 2015/1-0 (41)}) ({RR} 10...
Re8 11. Qe2 dxc4 12. Bxc4 Nb6 13. Bd3 Qc7 14. b3 Bb4 15. Bb2 Nfd5 16. Ne4 f5
17. Ng5 h6 18. Nf3 Bc3 19. Rac1 Bxb2 20. Qxb2 Rad8 21. b4 a6 22. Qb3 Qe7 23.
Rb1 Nd7 24. a4 g6 25. Rdc1 {
Corovic,S (2110)-Janjic,N (1790)/Sarajevo 2014/CBM 160 Extra/1/2 (37)}) 11. e4
dxe4 12. Nxe4 Nxe4 13. Qxe4 Nf6 14. Qe2 Rfd8 15. b3 Ne8 16. Be3 {
1/2 Gereben,E (2325)-Mitov,B/Sandomierz 1976/EXT 2000}) 10... exd5 11. Rd1 Re8
12. a3 a5 13. Bd2 Bd6 14. e4 dxe4 15. Nxe4 Nxe4 16. Bxe4 Nf6 17. Bf5 Nd5 18.
Re1 Qf6 19. Be4 Qxd4 20. Bxd5 Rxe1+ 21. Rxe1 Qxd5 22. Qxd5 cxd5 23. Bc3 b6 24.
Rd1 Rd8 25. Kf1 Bc5 26. b4 axb4 27. axb4 Be7 28. Bd4 b5 29. Bc5 Bxc5 30. bxc5
Kf8 31. Rb1 Rb8 {...} 0-1

[Event "189th open MGU"]
[Site "Sofia"]
[Date "2017.09.09"]
[Round "1.10"]
[White "Yontar, Sabrican Onay"]
[Black "Doychev, Ivan"]
[Result "1-0"]
[WhiteElo "1829"]
[BlackElo "1188"]
[PlyCount "69"]
[EventDate "2017.09.09"]
[EventType "swiss"]
[EventRounds "6"]
[EventCountry "BUL"]

1. e4 c5 2. b3 Nc6 3. Bb2 e6 4. Nf3 Nf6 5. e5 Nd5 6. Bb5 Be7 7. O-O O-O 8. d3 (
{RR} 8. Bxc6 bxc6 ({RR} 8... dxc6 9. d3) 9. d3 f6 ({RR} 9... f5) 10. Nc3 fxe5
11. Nxe5 Qe8 12. Ne4 d6 13. Nc4 Qd8 14. a3 e5 15. Qe1 Nf4 ({RR} 15... a5) 16.
Ng3 h5 17. Ne2 Nd5 ({RR} 17... h4) 18. b4 cxb4 19. axb4 Qe8 20. f3 Qg6 21. Kh1
h4 22. h3 Bd7 {Spassky,B (2630)-Hernandez Onna,R (2465)/Buenos Aires 1978/EXT
2000/[Averbakh]/1-0 (38)}) ({RR} 8. Re1 b6 9. d4 cxd4 10. Nxd4 Bb7 11. Nd2 Qc7
12. Bxc6 dxc6 13. Qg4 Bb4 14. N4f3 Rfd8 15. c4 Ne7 16. Ne4 Bxe1 17. Nf6+ Kh8
18. Qh5 Bxf2+ 19. Kxf2 gxf6 20. exf6 Nf5 21. Be5 Qd7 22. Ng5 h6 {
Khoudgarian,N (2116)-Demchenko,S (1870)/Ottawa 2016/CBM 174 Extra/1-0}) 8...
Na5 9. d4 a6 $146 ({RR} 9... Qb6 10. Bd3 c4 11. Be4 d6 12. Re1 dxe5 13. Nxe5
Nf6 14. Bf3 Rd8 15. Qe2 cxb3 16. axb3 Nc6 17. Nxc6 bxc6 18. Nd2 Bb7 19. Nc4 Qc7
20. Bc3 Qc8 21. Na5 Nd5 22. Bd2 Nb4 23. Rec1 Rb8 24. Nxb7 {
Zambor,N (2333)-Hanko,P (2205)/Tatranske Zruby 2004/CBM 102 Extra/1-0 (59)})
10. Bd3 h6 11. Nc3 Nxc3 12. Bxc3 b5 13. Be4 Nb7 14. d5 d6 15. dxe6 fxe6 16.
exd6 Bxd6 17. Qe2 Qe7 18. Ne5 Bxe5 19. Bxe5 Ra7 20. Rad1 Rd8 21. Bb8 Ra8 22.
Rxd8+ Qxd8 23. Rd1 Qf6 24. Be5 Qf7 25. Qg4 a5 26. Bg6 Qe7 27. Be4 Qf7 28. h4
Ra7 29. h5 c4 30. Qg6 Ra8 31. Qh7+ Kf8 32. Bg6 Qd7 33. Qh8+ Ke7 34. Qxg7+ Kd8
35. Qf8# 1-0

[Event "189th open MGU"]
[Site "Sofia"]
[Date "2017.09.09"]
[Round "2.1"]
[White "Hristov, Hristo M."]
[Black "Gelemerov, Yane"]
[Result "1-0"]
[WhiteElo "2138"]
[BlackElo "1926"]
[PlyCount "45"]
[EventDate "2017.09.09"]
[EventType "swiss"]
[EventRounds "6"]
[EventCountry "BUL"]

1. e4 e5 2. Nf3 Nc6 3. Nc3 Bb4 4. d4 exd4 5. Nxd4 Bxc3+ ({RR} 5... Qe7 6. Ndb5
Ba5 7. Be2 a6 8. Nd4 Qxe4 9. Nxc6 Bxc3+ 10. bxc3 Qxc6 11. O-O Ne7 12. Bg5 Qc5
13. Be3 Qa5 14. Qd4 O-O 15. Bd3 Nf5 16. Bxf5 Qxf5 17. Bf4 d6 18. Rfe1 Be6 19.
Re3 Rae8 20. Rae1 {Semenova,E (2175)-Ponkratov,P (2593)/Khanty-Mansiysk 2011/
CBM 144 Extra/1/2 (57)}) ({RR} 5... Nxd4 6. Qxd4 Bxc3+ 7. Qxc3 Nf6 8. Bg5 O-O
9. e5 Qe8 10. O-O-O Ng4 11. Qd4 c5 12. Qxc5 b6 13. Qd4 Qxe5 14. Qxg4 d6 15. Qg3
Qxg3 16. hxg3 f6 17. Bf4 Bg4 18. Bxd6 Bxd1 19. Bxf8 Bh5 20. Bxg7 {
Jumani,B (29)-Yau,M/Bournemouth 2016/CBM 173 Extra/1-0 (53)}) 6. bxc3 d6 7.
Nxc6 bxc6 8. Bd3 $146 ({RR} 8. Qd4 Qf6 9. Be3 Rb8 10. Qxf6 Nxf6 11. Bxa7 Ra8
12. Bd4 Nxe4 13. Bxg7 Rg8 14. Bd3 Nc5 15. Bd4 Nxd3+ 16. cxd3 {
1/2 Kotov,D (2133)-Danov,A (2271)/Nizhnij Novgorod 2008/CBM 122 Extra}) 8...
Qf6 9. Bd2 Ne7 10. O-O Ng6 11. f4 O-O 12. Rb1 c5 13. Qh5 Re8 14. f5 Nf8 15. e5
dxe5 16. Be4 c6 17. Bg5 Qd6 18. Rbd1 Qc7 19. f6 Ng6 20. Bh6 gxf6 21. Rxf6 Re6
22. Bg5 Qe7 23. Rxe6 1-0

[Event "189th open MGU"]
[Site "Sofia"]
[Date "2017.09.09"]
[Round "2.2"]
[White "Andreev, Dobrotich"]
[Black "Vaklinov, Vasil"]
[Result "0-1"]
[WhiteElo "1881"]
[BlackElo "2099"]
[PlyCount "56"]
[EventDate "2017.09.09"]
[EventType "swiss"]
[EventRounds "6"]
[EventCountry "BUL"]

1. e4 c5 2. Nf3 Nc6 3. d4 cxd4 4. Nxd4 d5 5. Nc3 ({RR} 5. Bb5 dxe4 6. O-O Bd7
7. Nc3 Nxd4 8. Qxd4 Bxb5 9. Qxd8+ Rxd8 10. Nxb5 a6 11. Nc7+ Kd7 12. Bf4 Kc6 13.
Rfd1 Rxd1+ 14. Rxd1 Nf6 15. Rd8 g6 16. Be5 Bg7 17. Rd4 Rc8 18. Rc4+ {
1/2 Acs,P (2600)-Varga,Z (2533)/Heviz 2003/CBM 096}) 5... dxe4 6. Bb5 ({RR} 6.
Nxc6 Qxd1+ 7. Kxd1 bxc6 8. Nxe4 Bf5 9. Bd3 Rd8 10. Bd2 g6 11. Ke2 Bg7 12. Rab1
e6 13. Ba5 Rd5 14. Bb4 Re5 15. f3 Bxe4 16. fxe4 Nf6 17. Kf3 Kd7 18. Rhd1 Kc7
19. Re1 Rh5 20. h3 Bf8 {
Cabrera Novoa,E (1375)-Duque Garcia,J/Medellin 2016/CBM 171 Extra/0-1 (55)})
6... Bd7 7. Be3 e5 $146 ({RR} 7... Nf6 8. O-O ({RR} 8. Qe2 e5 9. Bxc6 bxc6 10.
Nb3 Bb4 11. Qc4 Qe7 12. a3 Bxc3+ 13. bxc3 Qe6 14. Qc5 Nd5 15. O-O f5 16. c4
Nxe3 17. fxe3 Qe7 18. Rad1 Qxc5 19. Nxc5 Rd8 20. Nb7 Rb8 21. Nd6+ Ke7 22. Nxf5+
Bxf5 {Demidowicz,M (1950)-Kasperek,J (1990)/Leba 2007/EXT 2011/1/2 (37)}) 8...
e5 9. Nxc6 bxc6 10. Bc4 h6 11. Qe1 Be7 12. Rd1 Qc7 13. Na4 Bg4 14. Rd2 O-O 15.
Bc5 Bxc5 16. Nxc5 Qa5 17. Qe3 Bf5 18. h3 Qb4 19. Bb3 Qb6 20. Rfd1 Qc7 21. Bc4
Rad8 22. b4 {
Boabaid,J (1812)-Rosa,J (2038)/Florianopolis 2015/EXT 2016/1-0 (54)}) 8. Bxc6
bxc6 9. Nb3 Bb4 10. Qd2 Nf6 11. a3 Be7 12. Nc5 Bf5 13. O-O-O Qxd2+ 14. Rxd2 O-O
15. h3 h5 16. Rg1 Rfd8 17. Rxd8+ Rxd8 18. g4 hxg4 19. hxg4 Nxg4 20. N3xe4 Nxe3
21. fxe3 Rd5 22. b4 Bxe4 23. Nxe4 f5 24. Ng3 e4 25. Nh5 g5 26. c4 Rd3 27. Ng3
Rxa3 28. Nxf5 Ra1+ 0-1

[Event "189th open MGU"]
[Site "Sofia"]
[Date "2017.09.09"]
[Round "2.5"]
[White "Krustev, Krasimir S."]
[Black "Yontar, Sabrican Onay"]
[Result "1-0"]
[WhiteElo "1970"]
[BlackElo "1829"]
[PlyCount "69"]
[EventDate "2017.09.09"]
[EventType "swiss"]
[EventRounds "6"]
[EventCountry "BUL"]

1. e4 e5 2. Nf3 Nc6 3. Bc4 Bc5 4. c3 Qe7 5. O-O d6 6. d4 Bb6 7. h3 Nf6 8. d5 ({
RR} 8. Re1 Bd7 9. Na3 O-O 10. Bf1 exd4 11. Nxd4 Rae8 12. Nac2 Qd8 13. Qd3 d5
14. Nxc6 Bxc6 15. exd5 Nxd5 16. Bd2 Qh4 17. Nd4 Nb4 18. Qf5 Be4 19. Bg5 Bxf5
20. Bxh4 Bxd4 21. cxd4 Nc2 22. Rxe8 Rxe8 {
Duer,A (2420)-Haik,A (2440)/Amsterdam 1980/MCD/1/2 (65)}) ({RR} 8. Bg5 h6 9.
Bxf6 Qxf6 10. dxe5 dxe5 11. Qe2 g5 12. Rd1 g4 13. hxg4 Bxg4 14. Nbd2 Rg8 15.
Kf1 O-O-O 16. b4 Qg6 17. a4 Qh5 18. Ke1 a5 19. Bd5 Ne7 20. Bb3 axb4 21. cxb4
Nc6 22. Nc4 Bd4 {
Tomulic,T (1842)-Matanovic,L (2081)/Sv Filip i Jakov 2014/EXT 2016/0-1 (51)})
8... Nb8 9. Be2 $146 ({RR} 9. Qc2 O-O ({RR} 9... Nbd7 10. b4 Nf8 11. a4 a6 12.
a5 Ba7 13. b5 Ng6 14. Be3 axb5 15. Bxb5+ Bd7 16. Bxd7+ Qxd7 17. Nbd2 O-O 18.
Rfb1 Rfb8 19. c4 Nh5 20. c5 Nhf4 21. Kh2 Bxc5 22. Bxc5 dxc5 23. Qxc5 Nxg2 24.
Nxe5 {Khidirnabiev,R (1939)-Efimov,I (2119)/Saratov 2011/CBM 146 Extra/0-1 (51)
}) 10. a4 a6 11. a5 Ba7 12. Be3 Nbd7 13. Nbd2 h6 14. b4 Nh7 15. Bd3 Ndf6 16. c4
Bd7 17. b5 Bxe3 18. fxe3 Rfc8 19. Rab1 c5 20. dxc6 bxc6 21. b6 Rcb8 22. c5 dxc5
23. Nc4 Bc8 {
Deste,D (1965)-De Almeida,E (1969)/Porto Alegre 2012/CBM 150 Extra/1-0 (40)}) (
{RR} 9. a4 a6 10. Re1 h6 11. Nbd2 g5 12. Nf1 g4 13. hxg4 Bxg4 14. Be3 Nbd7 15.
Bxb6 cxb6 16. Ne3 Rg8 17. Nxg4 Rxg4 18. Nd2 O-O-O 19. f3 Rg6 20. Nf1 Rdg8 21.
Ne3 Nh5 22. g4 Nf4 23. Nf5 Qf6 {
Vujatovic,D (2088)-Dabo Peranic,R (2318)/Osijek 2012/EXT 2014/0-1 (38)}) 9...
Nxe4 10. Qa4+ Bd7 11. Qxe4 f5 12. Qh4 Qf8 13. Be3 Na6 14. Bxa6 bxa6 15. Bxb6
axb6 16. Re1 Qf7 17. c4 O-O 18. Nc3 h6 19. Rad1 Qg6 20. Qg3 Qh7 21. Nh2 f4 22.
Qf3 g5 23. Ne4 Qg6 24. Qe2 h5 25. f3 Kg7 26. Rc1 Kh6 27. b4 a5 28. c5 axb4 29.
cxd6 cxd6 30. Rc7 Rfd8 31. Qf2 Ra6 32. Qc2 Bf5 33. Qc4 b5 34. Qxb4 Rxa2 35. Rc6
1-0

[Event "189th open MGU"]
[Site "Sofia"]
[Date "2017.09.09"]
[Round "2.8"]
[White "Babatov, Martin"]
[Black "Ivanov, Oleg M."]
[Result "1-0"]
[WhiteElo "1737"]
[BlackElo "1548"]
[PlyCount "79"]
[EventDate "2017.09.09"]
[EventType "swiss"]
[EventRounds "6"]
[EventCountry "BUL"]

1. Nf3 d5 2. d4 c5 3. Bf4 Nc6 ({RR} 3... cxd4 4. Bxb8 Qa5+ 5. c3 Rxb8 6. Qxd4
Nf6 7. Nbd2 e6 8. Nb3 Qb6 9. Qxb6 axb6 10. e3 Bd6 11. Bb5+ Ke7 12. O-O Ra8 13.
c4 dxc4 14. Bxc4 Bd7 15. Nbd2 {
1/2 Sokolov,A (2580)-Westerinen,H (2410)/Gausdal 1996/CBM 051 Extra}) ({RR} 
3... Qb6 4. Nc3 e6 5. b3 Nf6 6. e3 cxd4 7. exd4 Nc6 8. Bb5 Bb4 9. Bxc6+ Qxc6
10. O-O Bxc3 11. Ne5 Qb6 12. Rb1 Bxd4 13. Nf3 Bc5 14. c3 Ne4 15. Rb2 Nxc3 16.
Rc2 Nxd1 17. Rxd1 Bd7 18. Rdc1 {
Funayama SA,Y (1787)-Tumenas,D (1725)/Sao Paulo 2016/CBM 174 Extra/0-1}) 4. e3
Qb6 5. b3 Bg4 $146 ({RR} 5... cxd4 6. exd4 Bg4 7. Be3 Nf6 8. Be2 e6 9. O-O Bd6
10. Nbd2 Bxf3 11. Nxf3 Ne4 12. c4 Ba3 13. Bc1 Qa5 14. Bxa3 Qxa3 15. cxd5 exd5
16. Bb5 O-O 17. Bxc6 bxc6 18. Re1 Rfe8 19. Re3 Re6 20. Nd2 {
Salvi,R-Hadad,D/Sao Paulo 1995/EXT 1997/0-1 (44)}) ({RR} 5... e6 6. Bd3 Nf6 7.
Ne5 cxd4 8. Nxc6 bxc6 9. O-O dxe3 10. Bxe3 Bc5 11. Re1 O-O 12. Nc3 Bxe3 13.
Rxe3 Qa5 14. Rf3 e5 15. Rxf6 gxf6 16. Qh5 Rd8 17. Bxh7+ Kf8 18. Qf3 Ke7 19. Ne2
Rh8 20. Bd3 {
Acosta Santana,Y-Gonzalez Rodriguez,J (1885)/Las Palmas 2013/EXT 2014/0-1}) 6.
dxc5 Qxc5 7. Be2 Bxf3 8. Bxf3 Nf6 9. O-O e5 10. Bg3 Be7 11. Nd2 Rd8 12. Rc1 Ne4
13. Bxe4 dxe4 14. Qe2 f5 15. Rfd1 O-O 16. f3 Bg5 17. Bf2 Qb4 18. c3 Qa3 19. Nb1
Qe7 20. Rxd8 Nxd8 21. fxe4 f4 22. exf4 exf4 23. Qc4+ Ne6 24. Rd1 Kh8 25. Rd5 f3
26. g3 b6 27. Nd2 Bxd2 28. Rxd2 Ng5 29. Rd4 Qa3 30. Qd3 Qxa2 31. Qd2 Qa1+ 32.
Qd1 Qxd1+ 33. Rxd1 Nxe4 34. Rd7 Nxc3 35. Rxa7 Rd8 36. Bxb6 Re8 37. Kf2 h6 38.
Bd4 Rg8 39. Bxc3 Kh7 40. Rxg7+ 1-0